Oil and the atom : Issues in US-Japan energy relations
שמור ב:
| מחבר ראשי: | |
|---|---|
| פורמט: | ספר |
| שפה: | Undetermined |
| יצא לאור: |
New York
The Trustees of Columbia University
1980
|
| נושאים: | |
| תגים: |
הוספת תג
אין תגיות, היה/י הראשונ/ה לתייג את הרשומה!
|
| Thư viện lưu trữ: | Trung tâm Học liệu Trường Đại học Cần Thơ |
|---|
| LEADER | 00587nam a2200205Ia 4500 | ||
|---|---|---|---|
| 001 | CTU_99393 | ||
| 008 | 210402s9999 xx 000 0 und d | ||
| 082 | |a 333.79 | ||
| 082 | |b B628 | ||
| 100 | |a Blaker, Micheal | ||
| 245 | 0 | |a Oil and the atom : | |
| 245 | 0 | |b Issues in US-Japan energy relations | |
| 245 | 0 | |c Micheal Blaker | |
| 260 | |a New York | ||
| 260 | |b The Trustees of Columbia University | ||
| 260 | |c 1980 | ||
| 650 | |a Nuclear industry,Petroleum industry and trade | ||
| 650 | |z Japan,Japan | ||
| 904 | |i Truc | ||
| 980 | |a Trung tâm Học liệu Trường Đại học Cần Thơ | ||